LEADER 01162cam1 22003131 450 001 SOBE00035583 005 20140122091115.0 100 $a20130722g19491964|||||ita|0103 ba 101 $alat$agrc 102 $aIT 200 1 $a<>commedie$fAristofane$gedizione critica e traduzione a cura di R. Cantarella 210 $aMilano$cIstituto editoriale italiano$d1949-1964 215 $a5 v.$d23 cm 225 2 $aClassici greci e latini$v9 300 $aTesto originale a fronte 410 1$1001LAEC00020000$12001 $a*Classici greci e latini$v9 463 1$1001SOBE00039330$12000 $a<<1: >>Prolegomeni / Aristofane ; edizione critica e traduzione a cura di R. Cantarella 463 1$1001SOBE00037697$12000 $a2 / Aristofane 463 1$1001SOBE00035584$12000 $a3 / Aristofane 463 1$1001SOBE00035585$12000 $a4 / Aristofane 500 10$aComoediae$3SOBA00008648$921533 700 0$aAristophanes$3AF00006073$4070$0160835 702 1$aCantarella, Raffaele$3A600200031538$4070 801 0$aIT$bUNISOB$c20140122$gRICA 912 $aSOBE00035583 940 $aM 102 Monografia moderna SBN 941 $aM 996 $aComoediae$921533 997 $aUNISOB